000
00314nam a2200133Ia 4500
008
240624s9999 xx 000 0 und d
041
_a
eng
082
_a
823 SAW
100
_a
SAWANT SHIVAJI
245
_a
SRIKRISHNA THE LORD OF THE UNIVERSE
260
_a
Pune
300
_a
1066 pages ; , 23 cm
365
_c
RS
999
_c
31326
_d
31326